000 00672nam a22001695i 4500
001 168098
003 ES-MaACL
005 20230906213706.0
008 010221s1869 sp |||| | spa d
040 _aAN
_bspa
_cAN
100 1 _aZacarias, E.P.B.
_9134005
245 1 0 _aMentiras y verdades
_b: opúsculo de mérito mayúsculo, sarcástico y acérrimo, con plétora de artículos irónicos, epígramas y... /
_coriginal de E.P.B. Zacarias y Cn. Flamilso [sic].
260 _aMadrid :
_b[s.n.],
_c1869 (
_fImprenta á cargo de Tomás Alonso)
300 _a221 p. ;
_c19 cm.
700 1 1 _aFlamilson, C.N.
_9127092
852 _aES-MaACL
_jD-1377
_z.- Legado M. de la Fuente
999 _c168098
_d168098